000 00478pab a2200193 454500
008 180718b2013 xxu||||| |||| 00| 0 eng d
100 _aBiswas, Anil
245 _aCorruption, participatory development and good governance
260 _c2013
300 _ap.38-43.
362 _aJan
650 _aParticipatory development
650 _aCorruption
650 _aGood governance
650 _aPublic administration
773 _aYojana
908 _aN
909 _a98234
999 _c98233
_d98233